书目信息 |
| 题名: |
新农村能源发展与农户创新
|
|
| 作者: | 曾麟 , 王革华 编著 | |
| 分册: | ||
| 出版信息: | 北京 化学工业出版社 2009.05 |
|
| 页数: | 253页 | |
| 开本: | 20cm | |
| 丛书名: | ||
| 单 册: | ||
| 中图分类: | F323.214 | |
| 科图分类: | ||
| 主题词: | 农村--nong cun--能源--研究--中国 | |
| 电子资源: | ||
| ISBN: | 978-7-122-04913-1 | |
| 000 | 00981nam0 2200253 450 | |
| 001 | 012010724556 | |
| 005 | 20100102092252.96 | |
| 010 | @a978-7-122-04913-1@dCNY30.00 | |
| 100 | @a20100102d2009 em y0chiy0120 ea | |
| 101 | 0 | @achi |
| 102 | @aCN@b110000 | |
| 105 | @aak a 000yy | |
| 106 | @ar | |
| 200 | 1 | @a新农村能源发展与农户创新@Axin nong cun neng yuan fa zhan yu nong hu chuang xin@f曾麟, 王革华编著@Fzeng lin,wang ge hua bian zhu |
| 210 | @a北京@c化学工业出版社@d2009.05 | |
| 215 | @a253页@c图@d20cm | |
| 320 | @a有书目 (第245-253页) | |
| 330 | @a本书遵循农户行为、行为理论、社会心理学的实验研究法、结构方程模型四大主题领域的研究惯例、规范,并注意参考类似研究或相关研究的成果,提出了促进解决中国农户创新决策行为研究在理论与方法上的缺陷的办法。 | |
| 606 | 0 | @a农村@Anong cun@x能源@x研究@y中国 |
| 690 | @aF323.214@v4 | |
| 701 | 0 | @a曾麟@Azeng lin@4编著 |
| 701 | 0 | @a王革华@Awang ge hua@4编著 |
| 801 | 0 | @aCN@bQSSK@c20100102 |
| 905 | @b769559-61@dF323.214@eZ026@f3 | |
| 新农村能源发展与农户创新/曾麟, 王革华编著.-北京:化学工业出版社,2009.05 |
| 253页:图;20cm |
| ISBN 978-7-122-04913-1:CNY30.00 |
| 本书遵循农户行为、行为理论、社会心理学的实验研究法、结构方程模型四大主题领域的研究惯例、规范,并注意参考类似研究或相关研究的成果,提出了促进解决中国农户创新决策行为研究在理论与方法上的缺陷的办法。 |
| ● |
| 相关链接 |
|
|
|
正题名:新农村能源发展与农户创新
索取号:F323.214/Z026
 
预约/预借
| 序号 | 登录号 | 条形码 | 馆藏地/架位号 | 状态 | 备注 |
| 1 | 769559 | 207695591 | 社科库409/409社科库 33排3列3层/ [索取号:F323.214/Z026] | 在馆 | |
| 2 | 769560 | 207695608 | 社科库409/409社科库 33排3列3层/ [索取号:F323.214/Z026] | 在馆 | |
| 3 | 769561 | 207695617 | 社科二线422/422社科库 27排2列3层/ [索取号:F323.214/Z026] | 在馆 |